000
00300nam a22001337a 4500
008
170131b xxu||||| |||| 00| 0 eng d
020
_a
0133803112
041
_a
eng
080
_2
2ND
_a
61
100
_a
3
101
_a
SHMI
245
_a
HANDBOOK OF MEDICAL SOCIOLOGY
_c
FREEMAN, H.E
942
_2
udc
_c
BK
999
_c
4049
_d
4049